LEADER 00988cam--2200361---450- 001 990003672940203316 005 20141009121603.0 010 $a978-88-467-3218-7 035 $a000367294 035 $aUSA01000367294 035 $a(ALEPH)000367294USA01 035 $a000367294 100 $a20120625d2012----km-y0itay50------ba 101 0 $aita 102 $aIT 105 $ay|||z|||001yy 200 1 $aDetto fatto$esugli usi e gli abusi delle parole$fPiero Paolicchi 210 $aPisa$cETS$d2012 215 $a108 p.$d21 cm 225 2 $aObliqui$v20 410 0$12001$aObliqui$v20 606 0 $aLessico$2BNCF 676 $a401.4 700 1$aPAOLICCHI,$bPiero$0116816 801 0$aIT$bsalbc$gISBD 912 $a990003672940203316 951 $aIV.2. 2361$b7437 L.G.$cIV.2.$d00311960 959 $aBK 969 $aUMA 979 $aANNAMARIA$b90$c20120625$lUSA01$h1533 979 $aANNAMARIA$b90$c20141009$lUSA01$h1216 996 $aDetto fatto$91140789 997 $aUNISA LEADER 01090cam2 22003131 450 001 SOBE00016625 005 20160125095820.0 010 $a9782070119356 100 $a20110720d2011 |||||ita|0103 ba 101 $afre 102 $aFR 200 0 $a1$fpreface et biographie de l'oeuvre par Francois Ricard 210 $aParis$cGallimard$d2011 215 $aXXIV, 1479 p.$d18 cm 225 2 $aBibliothèque de la Pléiade$v567 300 $aIn custodia 410 1$1001LAEC00015142$12001 $a*Bibliothèque de la Pléiade$v567 461 1$1001SOBE00016624$12001 $aOeuvre : edition definitive / Milan Kundera 700 1$aKundera$b, Milan$3AF00006637$4070$0328616 702 1$aRicard, Francois$3SOBA00000540$4070 801 0$aIT$bUNISOB$c20160125$gRICA 850 $aUNISOB 852 $aUNISOB$j840|Coll|12|K$m153745 912 $aSOBE00016625 940 $aM 102 Monografia moderna SBN 941 $aM 957 $a840|Coll|12|K$b000172$i-1$gSI$d153745$racquisto$tI$1catenacci$2UNISOB$3UNISOB$420110720094324.0$520160125095820.0$6Alfano 996 $a1$91721941 997 $aUNISOB LEADER 01310nam 2200457 450 001 9910158990503321 005 20230808194545.0 010 $a1-62008-211-X 035 $a(CKB)3710000000776477 035 $a(SSID)ssj0001640578 035 $a(PQKBManifestationID)16399054 035 $a(PQKBTitleCode)TC0001640578 035 $a(PQKBWorkID)14838810 035 $a(PQKB)10593793 035 $a(MiAaPQ)EBC4549801 035 $a(EXLCZ)993710000000776477 100 $a20160823h20162016 uy 0 101 0 $aeng 135 $aurcnu|||||||| 181 $ctxt 182 $cc 183 $acr 200 10$aMini goats $eeverything you need to know to keep miniature goats in the city, country, or suburbs /$fSue Weaver 210 1$aIrvine, California :$cLumina Media,$d2016. 210 4$d©2016 215 $a1 online resource (155 pages) $ccolor illustrations, photographs 300 $a"A Hobby Farms Book"--Cover. 311 $a1-62008-207-1 606 $aGoats 606 $aMiniature livestock 615 0$aGoats. 615 0$aMiniature livestock. 676 $a636.3/9 700 $aWeaver$b Sue$01248297 801 0$bMiAaPQ 801 1$bMiAaPQ 801 2$bMiAaPQ 906 $aBOOK 912 $a9910158990503321 996 $aMini goats$92893263 997 $aUNINA